000 00437cam a2200181ua 4500
001 2886
008 110913n ii |||gr||||Z||||||asm
040 _cMAIN
082 _a920
100 1 _aSarmah, Tirthanath,
245 1 1 _aRatnasangam
_cby Tirthanath Sarmah
250 _a1st.
260 _aGuahati:
_bBani prakash,988.
300 _a187p:
_c23cm.
653 _aAssamese Biography
653 _aBiography of Ratnasangam
942 _cBK
999 _c2735
_d2735